000
00217nam a22000977a 4500
040
_c
HS
082
_a
636
100
_a
G.R. CARTER
245
_a
Diagnostic procedures in veterinary bacteriology and mycology
942
_c
EK
999
_c
8759
_d
8759